000 00217 a2200109 4500
020 _a9781558858329
041 _aspa
100 _aNicolas Kenellos
245 _aEl torneo de Trabalenguas
942 _cBK
952 _71
999 _c24156
_d24156